000 00557 a2200205 4500
001 61691
005 20260407155907.0
008 260407a1993 arg spa d
003 AR-UNSa-BCEJYS
040 _aAR-UNSa-BCEJYS
_bspa
_cAR-UNSa-BCEJYS
080 _a347.44
_xContratos en general. Obligaciones
245 1 0 _aContratos
020 _a978-950-572-248-8
264 1 _aBuenos Aires :
_bZavalĂ­a
_c1993
300 _a511 p.
_c23 cm.
041 _aspa
942 _cBK
590 _aniveau_biblio:m niveau_hierar:0
100 1 _aWayar, Ernesto Clemente
999 _c7367
_d7367